000 01658nam a2200469 i 4500
001 40639
003 KOSZ 005
005 20190805141721.0
008 011010s2001 pl f |000 0 pol d
040 _cKOSZ 005
_aKOSZ 005
_dKOSZ 005/HR
041 0 _apol
_beng
046 _k2001
080 _a629.02
080 _a534.8
080 _a519.876.5
080 _a614.87
100 1 _aNader, Mirosław
_eAutor
245 1 0 _aModelowanie i symulacja oddziaływania drgań pojazdów na organizm człowieka /
_cMirosław Nader.
260 _aWarszawa :
_bOficyna Wydawnicza PW,
_c2001.
300 _a170, [2] s. :
_bil. ;
_c24 cm.
336 _2rdacontent
_aTekst
_btxt
337 _2rdamedia
_aBez urządzenia pośredniczącego
_bn
338 _2rdacarrier
_aWolumin
_bnc
380 _aKsiążki
380 _aPublikacje naukowe
388 _a2001-
490 1 _aPrace Naukowe / Politechnika Warszawska. Transport,
_x1230-9265 ;
_vz. 46
500 _aW nagł. nazwa serii: Prace Naukowe Politechniki Warszawskiej. - Opis wg okł.
504 _aBibliogr.
546 _aStreszcz. ang.
650 7 _aBiomechanika
650 7 _aDrgania
650 7 _aHałas komunikacyjny
650 7 _aWpływ na zdrowie
650 7 _aModele matematyczne
650 9 _aSymulacja
658 _aInżynieria i technika
710 2 _aOficyna Wydawnicza Politechniki Warszawskiej
_4pbl
830 0 _aPrace Naukowe - Politechnika Warszawska.
_pTransport ;
_vz. 46
856 _uhttp://koha.tu.koszalin.pl/cgi-bin/koha/opac-detail.pl?biblionumber=40639
_yKatalog online BPK
942 _cKS
_2UKD
999 _c40639
_d40639